000 00675nab#a2200229#c#4500
999 _c87957
_d87957
003 IEF
005 20191205103106.0
008 950704s1976 uuu|| #####0 b| |u
040 _aIEF
_cES-MaIEF
100 1 _aHarrison, Robert Joseph
_920637
245 _aEl coste de oportunidad del Programa Naval español de 1907
_b¿ pantanos o acorazados ?
_c Joseph Harrison
260 _c1976
500 _aBibliografía
650 4 _aHISTORIA ECONOMICA
_945401
650 4 _aESPAÑA
_941092
650 4 _aGASTOS MILITARES
_944906
650 4 _aIMPUESTOS
_947460
773 0 _tHacienda pública española
_w34570
_g38, p. 111-122
942 _2udc
942 _2udc